000 01148nam a22003017a 4500
005 20240624140046.0
008 240624b |||||||| |||| 00| 0 eng d
020 _a9780128119860
040 _aDLC
_beng
_erda
_cDLC
_dKMU
050 0 0 _aQA76.642
100 1 _aKirk, David,
_d1960-
_eauthor.
245 1 0 _aProgramming massively parallel processors :
_ba hands-on approach /
_cDavid B. Kirk, Wen-mei W. Hwu.
250 _aThird edition.
264 1 _aAmsterdam ;
_aCambridge, MA :
_bElsevier,
_c[2017]
300 _axxii, 550 pages :
_billustrations ;
_c24 cm
336 _atext
_btxt
_2rdacontent
337 _aunmediated
_bn
_2rdamedia
338 _avolume
_bnc
_2rdacarrier
504 _aIncludes bibliographical references and index.
650 0 _aParallel programming (Computer science)
650 0 _aParallel processing (Electronic computers)
650 0 _aMultiprocessors.
650 0 _aComputer architecture.
700 1 _aHwu, Wen-mei,
_eauthor.
906 _a7
_bcbc
_corignew
_d2
_eepcn
_f20
_gy-gencatlg
942 _2lcc
_cBK
_n0
999 _c1310
_d1310